| 000 | 00717cam a22002531 4500 | ||
|---|---|---|---|
| 001 | 5233 | ||
| 003 | BD-RjUL | ||
| 005 | 20211208234032.0 | ||
| 008 | 160726s1962 ii a b 001 0 eng d | ||
| 035 | _a(BD-RjUL)5269 | ||
| 035 | _a(OCoLC)3551864 | ||
| 040 |
_aDLC _cKU _dOCoLC _dDLC _dBD-RjUL _beng |
||
| 041 | _aeng | ||
| 082 |
_a 338.9 _bGHF 1962 |
||
| 100 | 1 |
_aGhosh, Santikumar. _916459 |
|
| 245 | 1 | 4 |
_aThe financing of economic development / _cSantikumar Ghosh, |
| 260 |
_aCalcutta : _bWorld Press, _cc1962. |
||
| 300 |
_a100 p. ; _bill. : _c21 cm. |
||
| 504 | _aIncludes bibliography. | ||
| 650 | 0 |
_aEconomic development. _916460 |
|
| 650 | 0 |
_aFinance _zIndia. _913237 |
|
| 942 |
_2ddc _cBK |
||
| 999 |
_c5233 _d5233 |
||